000 00274nam a22001217a 4500
008 171121b xxu||||| |||| 00| 0 eng d
041 _aeng
080 _24 ED
_a7
100 _a45
101 _aART
245 _aCONTMPORARY ENVIRONMENTAL DESIGN
_cJAY.D
942 _2udc
_cBK
999 _c38277
_d38277